000 00922nam a2200229 a 4500
001 000017295
005 20260417182716.0
008 100322s2009 dr ac r 000 p spa d
020 _a9789945427905
040 _aDO-SdBNP
_bspa
_cBNPHU
082 _aH861.508
_bF418m
111 2 _aFestival Internacional de Poesía "Clima de Eternidad"
_n(1º
_d2007: 26-29 abr.)
_cSanto Domingo, República Dominicana)
_937951
245 1 0 _aMemorias /
_cSelección y edición Pablo Reyes y León Félix Batista.
260 _aSanto Domingo :
_bSecretaría de Estado de Cultura,
_c2009.
300 _a271 p. :
_bil., retr. ;
_c24 cm.
590 _aInventariado, 2019 / DG
650 4 _aPoesía hispanoamericana
_xCongresos, conferencias, etc.
_937952
650 0 _aLiteratura hispanoamericana
_9318
700 1 _aReyes, Pablo,
_ecomp.
_937953
700 1 _aFéliz Batista, León,
_ecomp.
_937954
910 _aValidado. Control de calidad. EMS
999 _c16820
_d16820